000 00469nam a2200181Ia 4500
003 GCL
008 140319s9999 xx 000 0 eng d
040 _aGCL /
_cGCL
082 0 4 _a822.33
_bM N
245 1 0 _aNOTES ON SHAKESPEARES :
_bJULIUS CAESAR
260 _aانجلترا :
_bMETHUEN ،
_c1965
300 _a21 CM ؛
_c40 P
490 _aSTUDY - AIDS
_v0
650 0 4 _aENGLISH LITERATURE
650 0 4 _aSHAKESPEARE, WILLIAM
650 0 4 _aDRAMA
942 _2ddc
_cBK
999 _c3084
_d3084